000 00506nam a2200181Ia 4500
008 090123s9999 xx 000 0 und d
082 _b3851
100 _aपिंगे रवींद्र
245 _aशतपावली
250 _a1
260 _bराजहंस
_c1974
300 _a1947
600 _aपिंगे रवींद्र
630 _aशतपावली
700 _aपिंगे रवींद्र
730 _aशतपावली
942 _cBOOK
999 _c41927
_d41927